Memoria acerca de las instituciones del derecho civil de Cataluña, escrita con arreglo a lo dispuesto en el artículo 4º del Real Decreto de 2 de febrero de 1880, / por Manuel Duran y Bas
Descripción Física:
CVI, 406 p. ; 27 cm
Materias:
Dret civil -- Catalunya
MARC
| LEADER | 00000nam a2200000Ia 4500 | ||
|---|---|---|---|
| 001 | 7882 | ||
| 008 | 160829s1883 xx 000 0 cat d | ||
| 080 | |a D-1-46 | ||
| 100 | |a Duran i Bas, Manuel |9 24178 | ||
| 245 | |a Memoria acerca de las instituciones del derecho civil de Cataluña, escrita con arreglo a lo dispuesto en el artículo 4º del Real Decreto de 2 de febrero de 1880, / por Manuel Duran y Bas | ||
| 260 | |a Barcelona : |b (Imp. de la Casa de Caridad), |c 1883 | ||
| 300 | |a CVI, 406 p. ; |c 27 cm | ||
| 650 | 0 | |a Dret civil |z Catalunya |9 10507 | |
| 901 | |a Arxiu | ||
| 942 | |n 1 | ||
| 952 | |0 0 |1 0 |4 0 |6 D146 |7 1 |9 43012 |a Arxiu |b Arxiu |d 2016-12-01 |l 0 |o D-1-46 |p 7882 |r 2016-12-01 00:00:00 |w 2016-12-01 |y ARXIU | ||
| 999 | |c 45555 |d 45555 | ||